| 000 | 01149nam a22001937a 4500 | ||
|---|---|---|---|
| 005 | 20160819163441.0 | ||
| 010 | _aHIN-108604 | ||
| 020 |
_a978935150582 _c395.00 |
||
| 037 | _bDPL/PUB | ||
| 082 | _a320.092 | ||
| 100 | _aचक्रवर्ती, विद्युत | ||
| 245 |
_aआधुनिक भारतीय राजनीतिक चिन्तन; _cविद्युत चक्रवर्ती एंव राजेन्द्र कुमार पाण्डेयः गीता चतुर्वेदी द्वारा अनुदित _bविचार व संदर्भ/ |
||
| 260 |
_aजयपुर _bरावत पब्लिकेशंस _c2012 |
||
| 270 |
_aसत्यम अपार्टमेंट, सैक्टर3, जवाहर नगर _bजयपुर _e302004 _k01412651748 |
||
| 300 |
_axvi,419 पृ. _c22 सें.मी.(सजिल्द) |
||
| 700 |
_aपाण्डेय, राजेन्द्र कुमार _948868 |
||
| 700 |
_aचतुर्वेदी, गीता _948869 |
||
| 942 |
_2ddc _cHN _mचक्रव _h320.50954 |
||
| 999 |
_c102621 _d102621 |
||